Nagła śmierć - Postacie z GTA V - Statystyki

Ogólne statystyki
  • Ten quiz został rozwiązany 221 razy
  • Średni wynik to 3 z 12
Answers on the Grid
Answers color-coded by a green-red scale on the quiz's grid according to % correct below.
Wynn O'Neil
Jimmy De Santa
Sean Johnson
Franklin Clinton
Dick Tanner
Steve Scott
Regis Welsh
Cesar Vialpando
Luis Lopez
Chop
Catalina
Amanda The Santa
Ron Jakowski
Wade Hebert
Claude Speed
Lucia Caminos
Marty Chonks
Harold Joseph
Mike
Lester Leroc
Lamar Davis
Huang Lee
Jason Duval
Patricia Madrazo
Bernie Crane
Lloyd Hebert
Bryce Dawkins
Tommy Vercetti
Vinnie
Dwayne Forge
Trevor Philips
Simeon Yetarian
 
Statystyki odpowiedzi
Odpowiedź % Poprawnych
Franklin Clinton
73%
Jimmy De Santa
66%
Chop
45%
Wynn O'Neil
39%
Trevor Philips
21%
Lamar Davis
17%
Ron Jakowski
16%
Simeon Yetarian
9%
Patricia Madrazo
8%
Regis Welsh
5%
Harold Joseph
4%
Wade Hebert
4%
Nie znaleziono quizów pasujących do podanych kryteriów
Rozkład punktacji
Procent ludzi z każdym wynikiem
Percentyl według liczby udzielonych odpowiedzi
Twoja historia wyników
Nie rozwiązałeś tego quizu